[Event "Sinquefield Cup 2nd"]
[Site "Saint Louis"]
[Date "2014.09.06"]
[Round "10"]
[White "Nakamura, Hikaru"]
[Black "Vachier Lagrave, Maxime"]
[Result "1/2-1/2"]
[WhiteElo "2787"]
[BlackElo "2768"]
[Annotator "Szabo,Kr"]
[PlyCount "93"]
[EventDate "2014.08.27"]
[EventType "tourn"]
[EventRounds "10"]
[EventCountry "USA"]
[EventCategory "23"]
[SourceTitle "CBM 162"]
[Source "ChessBase"]
[SourceDate "2014.09.17"]
[SourceVersion "1"]
[SourceVersionDate "2014.09.17"]
[SourceQuality "1"]

1. e4 c5 2. Nf3 d6 3. d4 cxd4 4. Nxd4 Nf6 5. Nc3 a6 6. h3 e5 7. Nde2 h5 8. Bg5
(8. g3 {is more popular nowadays.}) 8... Be6 9. Bxf6 Qxf6 10. Nd5 Qd8 11. Nec3
g6 ({Nakamura has had a game with} 11... Nd7 {with reversed colours} 12. Bc4 g6
13. a4 Bh6 14. a5 Rc8 15. Ba2 O-O 16. O-O Kg7 {with a balanced position,
Anand-Nakamura, London 2012.}) 12. Bc4 Bh6 13. O-O O-O 14. Bb3 Nc6 15. Qd3 Rc8
16. Rad1 Nd4 17. Ne2 Nxb3 18. Qxb3 b5 {The first new move of the game.} ({
Before} 18... Kg7 {was played} 19. f4 Bxf4 (19... Qa5 $5) 20. Nexf4 exf4 21.
Qxb7 Rxc2 $132 {Paragua-Le Quang Liem, Manila 2013.}) 19. a4 b4 {A pretty move
by Maxime.} ({The natural} 19... Rc5 {was also fine.}) 20. c3 (20. Qxb4 $2 {
is not logical, because of} Rxc2 {and Black has excellent activity.}) 20...
bxc3 21. Nexc3 Kg7 22. Qb7 a5 23. Qa6 Ra8 24. Qe2 Rc8 25. Qa6 Ra8 26. Qd3 {
Nakamura avoids the repetition. The position is balanced and about equal, but
White is who has a little chance to fight for the advantage.} Rc8 27. Nb5 Rc6
28. Qa3 Qd7 29. Rfe1 Bg5 30. Rd3 Rd8 31. Red1 {White wants to put pressure to
the d6 P with almost all his pieces, but Black is solid, he can hold his
position.} Qb7 32. Rc3 ({In the event of} 32. Ndc3 Qb6 33. Rxd6 Rdxd6 34. Rxd6
Rxd6 35. Nxd6 (35. Qxd6 Qxd6 36. Nxd6 Bc1 $132) 35... Bh4 $132 {and Black is
fine.}) 32... Rd7 33. Rdd3 Bd8 34. Rxc6 ({The engine suggests} 34. Qb3 {
planning on Qc2, but} Bb6 35. Qc2 Bc5 {and Black hasn't got any problem.})
34... Qxc6 35. Rc3 Qa8 36. Nbc7 Bxc7 37. Rxc7 Rxc7 38. Nxc7 Qc6 (38... Qxe4 {
was also possible} 39. Nxe6+ fxe6 40. Qxd6 Qe1+ 41. Kh2 Qxf2 42. Qxe5+ Kf7 $11
{with a drawish Q ending.}) 39. Nxe6+ ({In the event of} 39. Qxd6 Qc1+ ({
Of course not} 39... Qxd6 $2 40. Ne8+ Kf8 41. Nxd6 $14) 40. Kh2 Qf4+ $11 {
with perpetual check.}) 39... fxe6 40. g3 Kf7 41. b4 Qxe4 42. b5 ({If} 42. bxa5
Qe1+ 43. Kg2 Qxa5 ({Now} 43... Qe4+ $2 {does not work because of} 44. Qf3+ $18
{and the aP wins the game.}) 44. Qxd6 Qxa4 45. Qxe5 Qc6+ $11) 42... Qe1+ 43.
Kg2 Qe4+ 44. Kh2 Qe2 45. Kg2 Qe4+ 46. Kh2 Qe2 47. Kg2 1/2-1/2

[Event "Bayern-chI Bank Hofmann 6th"]
[Site "Bad Wiessee"]
[Date "2002.10.29"]
[Round "4"]
[White "Landa, Konstantin"]
[Black "Korobov, Anton"]
[Result "1-0"]
[WhiteElo "2632"]
[BlackElo "2503"]
[Annotator "Teske,H"]
[PlyCount "111"]
[EventDate "2002.10.26"]
[EventType "swiss"]
[EventRounds "9"]
[EventCountry "GER"]
[SourceTitle "EXT 2003"]
[Source "ChessBase"]
[SourceDate "2002.11.25"]
[SourceVersion "1"]
[SourceVersionDate "2002.11.25"]
[SourceQuality "1"]

1. e4 c5 2. Nf3 d6 3. d4 cxd4 4. Nxd4 Nf6 5. Nc3 a6 6. Be3 e5 7. Nb3 Be6 8. f3
Nbd7 9. g4 Be7 10. Qd2 O-O 11. O-O-O Qc7 12. Kb1 Rfc8 13. g5 Nh5 14. Nd5 Bxd5
15. exd5 Nb6 16. Qf2 Nc4 17. Bxc4 Qxc4 18. Rhg1 g6 19. Rg4 Qb5 20. a4 Qd7 21.
a5 Qb5 {[#]} 22. Qf1 $1 {Da sich Weiß keine Hoffnungen machen kann, die
Blockade des schwarzen Königsflügels zu knacken und zum Königsangriff zu
kommen, dreht er den Spieß radikal um. Plötzlich ist die Blockade des
Königsflügels von Vorteil. Es zeichnet sich bereits jetzt ab, daß es zu einem
Wettrennen der Majoritäten kommt. Eine vereinfachende sehr abstrakte
Betrachtung macht die weiße Zielsetzung deutlich: Der Raumvorteil kann im
Idealfall einen Vorsprung im Bauernsprint bedeuten.} Qxf1 23. Rxf1 f5 24. Rb4
Rc7 25. c4 Rd7 {Da keine unmittelbare Drohung zu erkennen ist, sollte Schwarz
gleich die Aktivierung seiner Majorität fortsetzen.} (25... h6 $5 $13) 26. Rg1
Rc8 27. Kc2 h6 28. gxh6 Kh7 29. Kd3 Bf8 30. Rb6 Bxh6 31. Bxh6 Kxh6 32. c5 $1
Nf4+ 33. Kc4 dxc5 34. d6 Nd3 $1 35. Rg2 $1 (35. Kxd3 c4+ 36. Kc3 cxb3+ 37. Kxb3
Rc5 $17 {mit den Drohungen Tc5xa5 und Tc5-d5.}) 35... e4 $2 {In beiderseitiger
Zeitnot will Schwarz zu viel.} (35... Nf4 {lädt zur Zugwiederholung ein.}) 36.
fxe4 fxe4 37. Re2 {Nun sieht man die Bescherung. Bei besserer Figurenstellung
gewinnt Weiß den Bauern zurück.} Rc6 38. Rxc6 bxc6 39. Nxc5 Rxd6 40. Nxa6 Ne5+
41. Kc3 Rd3+ 42. Kc2 Rd4 43. b3 $18 {Weiß hat die bessere Bauernstellung,
einen entfernten Freibauern und den aktiveren König.} Nf3 44. Kb2 Nd2 45. Nc5
Rd5 46. b4 Nc4+ 47. Kc3 Nxa5 48. Ra2 {Ein taktischer Witz zum Abschluß. Weiß
gelangt mit dem Turm hinter seinen Freuibauern.} e3 49. bxa5 Rxc5+ 50. Kd3 Re5
51. Ke2 Re8 52. a6 g5 53. a7 Ra8 54. Kxe3 Kh5 55. Kd4 Kh4 56. Ra3 1-0

[Event "Gausdal Eikrem Memorial"]
[Site "Gausdal"]
[Date "2000.08.05"]
[Round "8"]
[White "Tiviakov, Sergei"]
[Black "Bekker Jensen, Simon"]
[Result "1-0"]
[WhiteElo "2608"]
[BlackElo "2388"]
[Annotator "Tiviakov,S"]
[PlyCount "57"]
[EventDate "2000.07.30"]
[EventType "swiss"]
[EventRounds "9"]
[EventCountry "NOR"]
[SourceTitle "EXT 2002"]
[Source "ChessBase"]
[SourceDate "2001.11.25"]
[SourceVersion "1"]
[SourceVersionDate "2001.11.25"]
[SourceQuality "1"]

{[%mdl 136] [This game from the 8th round of the tournaments is very important
for the theory. Actually it closes the whole variation with 10...b5 and 11...
b4.]} 1. e4 c5 2. Nf3 d6 3. d4 Nf6 4. Nc3 cxd4 5. Nxd4 a6 6. Be3 e5 {[It was
not very difficult to guess this variation to appear on the board. My opponent
always plays Najdorf in the Sicilian Defence.]} 7. Nb3 Be6 8. f3 Be7 (8... h5 {
nowadays is much more popular than the text. Although 8...h5 has its own
drawbacks.}) 9. Qd2 O-O 10. O-O-O b5 {[10...Nbd7 and 10...a5 are the
alternatives to the text.]} 11. g4 b4 12. Nd5 $1 {[Much stronger than 12.Na4
and 12.Ne2.]} Bxd5 13. exd5 a5 14. Kb1 a4 ({Other moves in the position are
not better either. After both} 14... Qc7 15. g5 Nfd7 16. h4 Nb6 17. h5 Nc4 18.
Bxc4 Qxc4 19. Rdg1 a4 20. Rg4 $1 $16) ({and} 14... Nbd7 15. g5 Nh5 16. Bb5 $16
{White has the advantage.}) 15. Nc1 Ra5 (15... Na6 {is met by} 16. Bb5 $16 {
, followed by Bc6.}) ({White develops a strong attack after} 15... Qa5 16. g5
Nfd7 ({or} 16... Nh5 17. Bh3 $16 {with the threat Bg4, Tiviakov- Sahu,
Calcutta (India) 1993.}) (16... Ne8 $16) 17. h4 Na6 18. h5 $16 {->}) 16. Bc4
Na6 ({Black has absolutely no compensation for the pawn after} 16... Qc7 17.
Qxb4 $1 Nbd7 18. Bb5 Rb8 19. c4 $18 {in Tiviakov,S-Ye Jiangchuan/Beijing 
(China) 1997}) 17. g5 ({White should not be tempted to win the pawn since after
} 17. Bxa6 Rxa6 18. Qxb4 ({or} 18. g5 Nd7 $11) 18... Qa8 $44 {Black has a
strong compensation for the pawn.} ({or} 18... Qc7 $44)) 17... Nd7 (17... Nh5
18. Nd3 b3 19. cxb3 axb3 20. Bxb3 $16 {is bad for Black.}) 18. Nd3 Nb6 {[#]} ({
Black doesn't have any compensation for the pawn after} 18... b3 19. cxb3 axb3
20. Bxb3 $16) 19. Bxb6 $1 $146 ({Until the present game this has been
considered to be the best line Black can choose in the variation with 11...b4.
In the only previous game Tiviakov,S-Prasad,D/Dhaka (Bangladesh) 1997 Black
managed to get reasonable counter-chances, eventually making a draw. After} 19.
Bxa6 Rxa6 20. Nxb4 Nc4 21. Qd3 Nxe3 22. Qxa6 Nxd1 23. Rxd1 ({or} 23. Nc6 Nc3+
24. bxc3 Qd7 $132 {with unclear position. White king is very weak.}) 23... Bxg5
24. Qxa4 Qf6 $14 {despite being a pawn down, Black is OK (although still
slightly worse). White pawns f3, h2 are weak. Fortunately for White he is not
obliged to play 19.Bxa6, he has a better option. 19.Bxb6! has been found by me
some time after the game with Prasad. I had only to wait... And here this
moment comes!} ({not} 24... Bf4 $6 25. Nc6 Qd7 26. h4 $16 {with advantage for
White in Tiviakov,S-Prasad,D/Dhaka (Bangladesh) 1997.})) 19... Qxb6 20. f4 $1 (
{White doesn't waste any time and immediately opens the 'e' file. Then it
would be easy for White to develop the attack on the king's side. Black has
counter-play after all other moves. For example,} 20. Rhe1 {(with the idea
f3-f4)} Rc8 $1 $132) ({or} 20. Rhg1 Rb8 $13) ({or} 20. h4 Rb8 $13) 20... exf4 (
20... Nc7 $5 {deserves serious attention, planning to meet} 21. Qxb4 Qxb4 22.
Nxb4 {with} Rc5 $14 {and 23...exf4.}) 21. Qxf4 {[Now White attack develops by
itself. Black can do little to prevent White from playing h2-h4-h5-h6.]} Nc5 ({
After} 21... b3 22. cxb3 axb3 23. Bxb3 $16 {White has an extra pawn with Black
still having no attack prospects.}) 22. Rde1 $5 $16 ({Disturbing the
coordination of the black pieces.} 22. h4 {is an alternative to the text.})
22... Ra7 ({After} 22... Bd8 {,} 23. h4 $16 {followed by h5-h6, is the
simpliest solution.} ({although} 23. Nxc5 $5 $40 {and h4-h5-h6, is also
possible}) (23. Rhf1 {is answered by} g6 {and if} 24. Re8 {then} Ra7 $8 $14 {.}
)) 23. h4 a3 $6 ({It is no longer possible to save the game after this move.} 
23... b3 {was better. But still after} 24. cxb3 axb3 25. a3 $16 {White has the
upper hand, planning to meet} Ra4 {by} 26. Nb4 {.}) 24. h5 axb2 25. h6 $18 {

[Event "Corus-B"]
[Site "Wijk aan Zee"]
[Date "2004.01.13"]
[Round "3"]
[White "Tiviakov, Sergei"]
[Black "Dominguez Perez, Leinier"]
[Result "1/2-1/2"]
[WhiteElo "2600"]
[BlackElo "2605"]
[Annotator "Tiviakov,S"]
[PlyCount "95"]
[EventDate "2004.01.10"]
[EventType "tourn"]
[EventRounds "13"]
[EventCountry "NED"]
[EventCategory "13"]
[SourceTitle "CBM 099"]
[Source "ChessBase"]
[SourceDate "2004.03.30"]
[SourceVersion "1"]
[SourceVersionDate "2004.03.30"]
[SourceQuality "1"]

1. e4 c5 2. Nf3 d6 3. d4 cxd4 4. Nxd4 Nf6 5. Nc3 a6 6. Be3 Ng4 7. Bg5 h6 8. Bh4
g5 9. Bg3 Bg7 10. h3 Ne5 11. f3 Nbc6 12. Bf2 Ng6 $5 13. Qd2 $146 (13. Nd5 Qa5+
(13... Rb8 $5) 14. c3 Nxd4 15. Bxd4 Bxd4 16. Qxd4 Be6 $13 17. Bc4 Rc8 18. b4
Qa3 19. O-O O-O 20. Bb3 Bxd5 21. exd5 Qb2 22. Rae1 Qxc3 23. Qe4 Qe5 24. Qd3 Qb2
25. Rf2 Qc3 26. Qe4 Qe5 27. Qb1 Qg3 28. Qf5 Qf4 29. Bc2 Qxf5 30. Bxf5 Rc7 31.
Bxg6 fxg6 32. Re6 Kf7 33. f4 gxf4 34. Rxf4+ Ke8 35. Rfe4 Kf7 36. h4 Rg8 37.
Rf4+ Ke8 38. Rfe4 Kd8 39. Rg4 Rc1+ 40. Kh2 Rd1 41. Rgxg6 Rxg6 42. Rxg6 Rxd5 43.
Rxh6 Ke8 44. Rh7 Rd4 45. a3 d5 46. Kg3 Re4 47. Kf3 Re1 48. Rh8+ Kf7 49. Rd8 e6
50. h5 Kf6 51. g4 Ke7 52. Rb8 d4 53. h6 d3 54. h7 d2 55. Re8+ Kf7 56. Rd8 Rh1
57. Rxd2 Ke7 58. Rc2 Kd6 59. g5 Rxh7 60. Kg4 Ke5 61. Re2+ Kd5 62. g6 Rh1 63.
Rg2 Rh8 64. g7 {1-0 Fernandez,L-Hernandez,H/Tomas Jimenez, C.Avila 2000 (64)})
(13. Nf5 Bxc3+ 14. bxc3 Qa5 $17) 13... Qa5 14. O-O-O (14. Nb3 Bxc3 15. bxc3 Qc7
$13) 14... Be6 15. Kb1 (15. Nb3 Bxc3 $15) 15... Rc8 (15... Nxd4 16. Bxd4 Bxd4
17. Qxd4 Rc8 $11 {/\Qc5}) 16. Nb3 (16. a3 Nxd4 17. Bxd4 Bxd4 18. Qxd4 Qc5 $11)
16... Bxc3 (16... Bxb3 17. cxb3 $14 Nb4 18. Bd4 Bxd4 19. Qxd4 {(/\a3, b4)} Rxc3
$140 20. Qxc3 Qxa2+ 21. Kc1 O-O 22. Qxb4 Rc8+ 23. Bc4 (23. Kd2 Qxb2+ 24. Ke1
Rc2 $14 {~/=}) 23... b5 24. Qa3 bxc4 25. Qxa2 cxb3+ 26. Kb1 bxa2+ 27. Kxa2 $16)
17. Nxa5 Bxd2 18. Nxc6 Rxc6 (18... Bf4 19. Nd4 $14 (19. Nb4 $14)) 19. Rxd2 f6
$6 (19... Bc4 $142) (19... h5 20. h4 Nxh4 21. Bxh4 gxh4 22. Rxh4 $14) 20. b3 $1
{^^} Kf7 (20... h5 21. h4 $8 Nxh4 22. Bxh4 gxh4 23. Rxh4 $14 {><h5}) 21. g3 $1
(21. Kb2 h5 22. h4 Nxh4 23. Bxh4 gxh4 24. Rxh4 Kg7 $11 {/\Bf7}) 21... Rhc8 (
21... h5 22. h4 $14) 22. Be2 $6 (22. Kb2 $142 h5 $140 (22... Rc3 23. Be2 {/\Bd4
}) 23. h4) 22... h5 $1 23. h4 (23. c4 $5 h4 24. gxh4 gxh4 {><h4, h3}) 23...
gxh4 24. gxh4 Nf4 25. Bd1 $8 {[ץd1]} (25. Bf1 Rc3 {><f3}) 25... Rg8 $1 {[><g2]
} 26. Be3 (26. Rh2 Bc8 27. Be3 e5 {- 26.Be3}) 26... Ng2 27. Bd4 Nf4 28. Rhh2
Bc8 29. Be3 e5 30. Kb2 (30. Bxf4 exf4 31. Rd5 Rh8 32. Rhd2 Ke7 $11 {/\Be6})
30... Be6 31. a4 Rg3 32. a5 (32. c4 $5) 32... Ng6 33. Bf2 $138 Rh3 34. Rxh3
Bxh3 35. c4 Ke7 36. Kc3 Nf4 37. Bg3 Rc8 38. Rh2 Be6 39. Bxf4 exf4 40. Rg2 Rc5
41. Kb4 Kf7 $11 42. Bc2 Re5 43. Bd3 Rc5 44. Rg1 Kf8 45. Ra1 Rc7 46. Rg1 Rc5 47.
Rg6 Kf7 48. Rg1 1/2-1/2

[Event "Koop Tjuchem"]
[Site "Groningen"]
[Date "1996.??.??"]
[Round "6"]
[White "Shirov, Alexei"]
[Black "Gelfand, Boris"]
[Result "1/2-1/2"]
[WhiteElo "2685"]
[BlackElo "2665"]
[Annotator "Tyomkin,D"]
[PlyCount "50"]
[EventDate "1996.12.20"]
[EventType "tourn"]
[EventRounds "11"]
[EventCountry "NED"]
[EventCategory "16"]
[SourceTitle "CBM 057"]
[Source "ChessBase"]
[SourceDate "1997.04.01"]
[SourceVersion "1"]
[SourceVersionDate "1997.04.01"]
[SourceQuality "1"]

1. e4 c5 2. Nf3 d6 3. d4 cxd4 4. Nxd4 Nf6 5. Nc3 a6 6. Be3 e5 7. Nb3 Be6 8. f3
Nbd7 9. g4 b5 10. g5 Nh5 11. Qd2 (11. a4 {1/2-1/2 Topalov,V-Gelfand,B/Madrid
1996 (20)}) (11. Nd5 {Gelfand} Bxd5 12. Qxd5 Be7 13. Qd2 Nf4 $13) 11... Be7 12.
O-O-O Nb6 (12... Rc8 $6 {Lanka} 13. Nd5 Bxd5 14. exd5 Nb6 15. Na5 Nxd5 16. Qxd5
Qxa5 17. Bh3 Rc4 (17... Rb8 18. Bg4 g6 19. Bxh5 gxh5 20. f4 $16 {->}) 18. Bg4
$1 {N} (18. Bf1 {- 53/231}) 18... O-O $1 (18... Nf4 $6 19. Bxf4 Rxf4 20. Qc6+
Kf8 21. Rxd6 $16) (18... g6 $6 19. Bxh5 gxh5 20. Kb1 O-O 21. Rhg1 Kh8 22. f4
$16 {->}) 19. Bxh5 Qxa2 20. Bg4 Qa1+ 21. Kd2 Qxb2 22. Ke2 $1 {+/- Lanka,
Z-Moiseev,V/Deutschland 1991 (26)} (22. Rc1 $2 Bxg5 $1 {/\ Rd4 Lanka,Z})) (
12... O-O $5 13. Nd5 (13. Rg1 {- 36/324}) 13... Bxd5 14. exd5 f5 (14... Nb6 15.
Na5 $14 Nxd5 $2 16. Nc6 Nxe3 17. Nxd8 $18) 15. gxf6 Rxf6 16. Na5 Nf4 17. Rg1
Qf8 18. Nc6 Bd8 19. Qf2 (19. Bxf4 Rxf4 20. Bh3 Nc5 21. Be6+ Kh8) 19... Qf7 20.
Rg3 Rh6 21. Qg1 Bh4 22. Rg4 Nf6 23. Bxf4 {1/2-1/2 Ciemniak,R-Gralka,J/POL-chT
Lubniewice 1994} exf4 (23... Nxg4 24. Bxh6 Nxh6 25. Rd3 (25. Bh3 $6 Qxf3 26.
Be6+ Kh8 $17) 25... Rf8 26. Bh3 Qf4+ $11) 24. Rxf4 Rg6 25. Qe3 Re8 (25... Nxd5
26. Rxd5 Qxd5 27. Bd3 Qxc6 28. Rxh4 $13) (25... Bg5 26. Ne7+) 26. Nd8 (26. Qd2
Bg5) 26... Nxd5 $1 27. Rxd5 Bxd8 28. Rxf7 Rxe3 $17 {Tyomkin,D}) 13. Kb1 O-O 14.
Nd5 (14. h4 Nc4 (14... Ng3 15. Rg1 Nxf1 16. Rgxf1 Nc4 17. Qd3 Nxe3 18. Qxe3 f6
19. f4 $14) 15. Bxc4 bxc4 16. Nc1 Qc7 17. N1e2 Rfb8 18. Qe1 Rb7 19. Bc1 Rab8
20. Nd5 Bxd5 21. Rxd5 Qc6 (21... Qb6 $14) 22. Qc3 Bd8 23. Rhd1 Bc7 24. f4 Nxf4
25. Nxf4 exf4 26. b3 $16 {Tolnai,T-Wachinger,G/Cattolica 1993/1-0}) 14... Bxd5
$146 (14... Nxd5 {Tyomkin,D} 15. exd5 Bd7 16. Na5 $5 Qc7 (16... Nf4 17. Bxf4
exf4 18. Rg1 $16 {Badzarani}) 17. Bd3 Bd8 (17... Rfc8 18. Be4 Bf8 19. Rhg1 g6
20. Nc6 a5 21. c3 Qb7 22. Rc1 Be8 23. h4 b4 24. c4 Rxc6 25. dxc6 Bxc6 26. Bxc6
Qxc6 27. Qd5 $16 {Szalanczy,E-Kumric,D/Tapolca 1989 (51)/1-0}) 18. Nc6 $1 f5
19. gxf6 Nxf6 20. Nxd8 Raxd8 21. Rhg1 $14 Kh8 22. Qf2 Qc8 23. Rg5 e4 24. fxe4
h6 $4 (24... Nxd5 $14) 25. Qh4 $18 Rde8 26. Rdg1 Re7 27. Bd4 Qd8 28. Rg6 {
1-0 Badzharani,I-Kalantarian,N/Voroshilovgrad op 1989}) 15. exd5 Qc7 (15... Rc8
$5 16. Na5 Nxd5 17. Nb7 Nc3+ $1 18. bxc3 Qc7 19. Qd5 Qxc3 20. Qe4 (20. Bd3 Qb4+
21. Kc1 (21. Qb3 d5 22. Bf5 Rc7 23. Bg4 g6) 21... Qa3+ 22. Kd2 Rc7 $44) 20...
d5 21. Qd3 (21. Rxd5 Ba3 22. Bc1 Bxc1 23. Kxc1 f5 $1) 21... Qb4+ 22. Qb3 Rc7
23. Qxb4 (23. Rxd5 Qe1+) 23... Bxb4 24. a3 (24. Rxd5 Rxb7 25. Rxe5 $13) 24...
Bxa3 25. Na5 Rc3 (25... d4 26. Bd2 $14) 26. Bd3 Bb4 27. Nb3 e4 28. Bd2 $13) 16.
Na5 Nxd5 17. Qxd5 Qxa5 18. f4 (18. Bd3 $142 g6 (18... Rae8) 19. f4 exf4 (19...
Nxf4 20. Bxf4 exf4 21. h4 Qb4 22. h5 Qc5 23. Qb3 $1 {[%cal Gb3g8,Gb3h3]} (23.
Qf3 Bxg5 24. hxg6 hxg6 25. Qh3 Kg7 $1) 23... d5 24. hxg6 hxg6 25. Bxg6 fxg6 26.
Qh3 $16) 20. Bd4 $44 (20. Bd2 $2 Qc7 21. Be2 Rac8 $17)) 18... Nxf4 19. Bxf4
exf4 20. Bd3 Rae8 $1 (20... Qb4 $2 21. c3 Qa4 22. b3) (20... g6 21. h4 {-18.Bd3
}) 21. h4 Bd8 {[%cal Ge8e5]} (21... Qb4 22. h5 Qc5 23. Qe4 g6 24. hxg6 hxg6 25.
Qxf4 Qe5 (25... Kg7 26. Rh7+ $1) 26. Qh4 Qg7 27. Rd2 $16 {[%cal Gd2h2]}) 22.
Qf5 (22. h5 Re5 23. Qxd6 Rfe8 (23... Qc7 24. Bxh7+) (23... Rxg5 24. Bxh7+) 24.
g6 fxg6 25. hxg6 h6) 22... g6 23. Qxf4 Re5 24. c3 Qb6 25. Bc2 Qc6 (25... Qc6 {[
} 26. Bb3 (26. h5 Bxg5 27. Qh2 gxh5 28. Qxh5 h6 $15) 26... a5 27. Rhf1 Rf5 $15
{]}) 1/2-1/2